000
00235nam a2200097Ia 4500
082
_a
MIC
245
0
_a
Inheritance
100
_a
MICHAEL, Judith London, 1988
_9
37693
942
_c
BK
008
210817s9999 xx 000 0 und d
999
_c
134892
_d
134891